000 00589nam a2200229Ia 4500
003 OSt
005 20220918200021.0
006 a|||||r|||| 00| 0
007 ta
008 220917b |||||||| |||| 00| 0 eng d
024 _a87,221
037 _cTextual
040 _aARTS
_cARTS
_beng
041 _2eng
_aeng
082 _aU, H93
100 _aGarnett O
_992471
245 0 _aFundamentals in school geography
_b a book for teachers and students in training
260 _c1949
650 _aGEOGRAPHY
942 _hU, H93
_cTEXL
_2CC
999 _c210916
_d210916